Os sistemas de saúde brasileiro e português : (Record no. 137)

MARC details
000 -LÍDER
Campo Fixo de Controle 00787cam a2200229 a 4500
001 - NÚMERO DE CONTROLE
Campo de Controle 137
003 - IDENTIFICAÇÃO DO NÚMERO DE CONTROLE
Campo de Controle BR-CuiBMT
005 - DATA E HORA DA ÚLTIMA ATUALIZAÇÃO
Campo de Controle 20231114181750.0
008 - DADOS FIXOS
Dados Fixos 230821s2021 mgb 000 0 por d
020 ## - INTERNATIONAL STANDARD BOOK NUMBER
Nº do ISBN 9786555180138
040 ## - AGÊNCIA CATALOGADORA
Código da Agência Catalogadora BR-CuiBMT
Agência que transcreveu o registro BR-CuiBMT
080 ## - Nº DA CLASSIFICAÇÃO DECIMAL UNIVERSAL
Nº edição CDU 2007
Nº Class. CDU 614.39
Subd. Auxiliar Comum (81+469)
090 ## - NÚMERO DE CHAMADA
Nº classificação 614.39(81+469)
Cutter S586s
100 1# - ENTRADA PRINCIPAL -- AUTOR PESSOAL
Nome pessoal Silva, Ricardo Augusto Dias da
245 13 - TÍTULO PRINCIPAL
Título principal Os sistemas de saúde brasileiro e português :
Subtítulo o que nos aproxima e nos distancia além do atlântico /
Indicação de responsabilidade Ricardo Augusto Dias da Silva.
260 ## - PUBLICAÇÃO, DISTRIBUIÇÃO, ETC.
Local de publicação Belo Horizonte :
Editora Fórum,
Data 2021.
300 ## - DESCRIÇÃO FÍSICA
N. páginas ou volumes 127 p. ;
Dimensões 21 cm
504 ## - NOTA DE BIBLIOGRAFIA, ETC.
Nota de bibliografia Inclui bibliografia.
650 ## - ASSUNTO TÓPICO
Cabeçalho tópico ou nome geográfico Sistemas de saúde
Subdivisão geográfica Brasil
-- Portugal
650 ## - ASSUNTO TÓPICO
Cabeçalho tópico ou nome geográfico Sistemas de saúde
Subdivisão geral Direitos fundamentais
Subdivisão geográfica Brasil
-- Portugal
942 ## - ELEMENTOS DE ENTRADA ADICIONAIS (KOHA)
Fonte de classificação ou esquema de arquivamento Classificação Decimal Universal
Tipo de item do Koha Livros
Holdings
Estado: removido Estado: perdido Fonte de classificação ou esquema de arquivamento Estado: danificado Indisponível para empréstimo Localização permanente Localização atual Data de aquisição Total Checkouts Número de Chamada completo Código de barras Date last seen Número do exemplar Preço efetivo a partir de Tipo de item (Koha)
    Classificação Decimal Universal     Biblioteca da Escola Superior de Contas do TCE/MT Biblioteca da Escola Superior de Contas do TCE/MT 28/07/2023   614.39(81+469) S586s BIBTCEMT23080114 21/08/2023 Ex. 1 21/08/2023 Livros
    Classificação Decimal Universal     Biblioteca da Escola Superior de Contas do TCE/MT Biblioteca da Escola Superior de Contas do TCE/MT 28/07/2023   614.39(81+469) S586s BIBTCEMT23110328 09/11/2023 Ex. 2 09/11/2023 Livros
    Classificação Decimal Universal     Biblioteca da Escola Superior de Contas do TCE/MT Biblioteca da Escola Superior de Contas do TCE/MT 28/07/2023   614.39(81+469) S586s BIBTCEMT23110329 09/11/2023 Ex. 3 09/11/2023 Livros
    Classificação Decimal Universal     Biblioteca da Escola Superior de Contas do TCE/MT Biblioteca da Escola Superior de Contas do TCE/MT 28/07/2023   614.39(81+469) S586s BIBTCEMT23110330 09/11/2023 Ex. 4 09/11/2023 Livros

Powered by Koha